000 00579nam a22002177a 4500
003 UA-OsUOA
001 73653
007 ta
008 20110314b un ||||| |||| 00| 0 ukr d
100 _aПагутяк Г.
090 _a82
_bП12
942 _cSA
040 _aUA-OsUOA
_bukr
_cUA-OsUOA
_dUA-OsUOA
245 _aСни Юлії і Германа. Роман
300 _aС.4-86
955 _a0
041 _aukr
080 _a82
773 0 _w73652
_tБерезіль
_dХарків
_d2011
_g2
650 7 _a82 Література. Літературознавство
_2UDC
999 _c359946
_d359946